Les films se déroulant à l'école - Statistiques

Statistiques générales
  • Ce quiz a été pris 334 fois
  • Le résultat moyen est 6 sur 20
Statistiques - réponses
Par images Réponse % Correct
Les Choristes
83%
High School Musical
64%
La Guerre des boutons
63%
Le Cercle des poètes disparus
61%
LOL (Laughing Out Loud)
59%
Les Sous-doués
51%
La Vague
42%
Les Beaux Gosses
36%
Les Quatre Cents Coups
25%
Easy Girl
22%
Le Maître d'école
21%
Écrire pour exister
19%
La Journée de la jupe
17%
Elephant
14%
Entre les murs
13%
Un métier sérieux
9%
Rushmore
5%
Les Héritiers
4%
Detachment
3%
Primaire
1%
Aucun quiz correspondant
Distribution des résultats
% des personnes avec chaque résultat
Percentile par nombre de réponses
Votre historique - résultats
Vous n’avez pas pris ce quiz